000 00862nam a22002537a 4500
003 OSt
005 20180905090548.0
008 180226b xxu||||| |||| 00| 0 spa d
020 _a9501405974
040 _cPJ
245 1 0 _aCaducidad de instancia /
_cIsidoro Eisner director; coordinador Juan Pedro Colerio; Bacre...[et al.].
260 _aBuenos Aires :
_bDepalma,
_c1991.
300 _a429 p.
_c23 cm.
650 0 _91148
_aDERECHO PROCESAL CIVIL
650 0 _91934
_aTERMINACION DEL PROCESO
650 0 _91935
_aCADUCIDAD DE INSTANCIA
700 _91939
_aEisner, Isidoro
_edirector
700 _91940
_aColerio, Juan Pedro
_ecoordinador
700 _91941
_aMartínez Álvarez, Eduardo M.
700 _91942
_aKielmanovich, Jorge L.
700 _91943
_aBacre, Aldo
700 _9271
_aGozaíni, Osvaldo Alfredo
942 _2udc
_cLIB
_h347.933
_iCAD
999 _c1305
_d1305